000 00494nam a2200181Ia 4500
005 20250508164239.0
008 008 250505s9999 xx 000 0 eng d
037 _aReference
040 _aFEDL
_beng
_cFEDL
041 _aeng
_2eng
084 _a510, NCE
_qFEDL
245 0 _aMathematics : Textbook for class X
245 0 _cNational Council of Educational Research and Training
260 _c2003
300 _a308p.
942 _cREF
_h510, NCE
999 _c1387908
_d1387908